1851 1104 1168 1883 1231 1897 1440 1342 1702 1291 1635 1565 1390 1945 1953 1203 1992 1837 1343 1708 1598 1077 1177 1078 1992 1359 1966 1562 1631 1962 1613 1387 1471 1763 1944 1390 1075 1578 1887 1132 1025 1506 1415 1347 1573 1631 1473 1789 1242 1760 1022 1727 1617 1350 1963 1382 1974 1980 1955 1436 1636 1714 1084 1053 1054 1513 1962 1173 1546 1081 1006 1496 1351 1369 1803 1835 1871 1547 1050 1281 1413 1181 1034 1954 1879 1087 1499 1865 1058 1157 1037 1299 1539 1864 1447 1695 1940 1235 1230 BCNSPRNW ULIB Ver.6.0+V

เปลี่ยนเป็นภาษาไทย

Change to English
 แสดงรายละเอียดบรรณานุกรม
  กลับหน้าหลัก

Brief Record : Get Marc (ISO 2709) : E-mail record : QR code < ปิดหน้าต่าง
LEADER : 00000nam a2200000Ia 4500
001    13399125424
003     ULIB
008    160727s2558 th a 000 0 tha d
020    ^a9786161810009
040    ^abrv
060 04 ^aWL355^bร924
245 00 ^aโรคหลอดเลือดสมอง /^cศูนย์ความเป็นเลิศทางการแพทย์ด้านโรคหลอดเลือดสมองแบบครบวงจร แห่งโรงพยาบาลจุฬาลงกรณ์สภากาชาดไทย ; na-ru, ภาพประกอบ
250    ^aพิมพ์ครั้งที่ 1
260    ^aกรุงเทพฯ :^bอมรินทร์เฮลท์,^c2558
300    ^a178 หน้า :^bภาพประกอบ ;^c21 ซม.
650  4 ^aการป้องกันโรค
650  4 ^aการรักษา
650  4 ^aโรคหลอดเลือดสมอง
700 0  ^ana-ru
710 2  ^aโรงพยาบาลจุฬาลงกรณ์
710 2  ^aสภากาชาดไทย
945    ^p189^l0^i24925
945    ^p189^l0^i24926
995    ^aกัณชพร
999    ^aกัณชพร
รายการนี้ยังไม่มีแท็ก
คุณยังไม่ได้ล็อกอิน คุณสามารถมีกิจกรรมร่วมกับเว็บไซต์ได้ แต่ต้องล็อกอินก่อน ::
  ล็อกอิน

รายการสื่อสารสนเทศ

ลำดับที่ ประเภท เลขเรียก/บาร์โค้ด สถานที่ สถานะ
1. หนังสือสำรอง
หนังสือสำรอง
สถานะ=หนังสือเก่า
WL355 ร924 ฉ.1 
  Barcode: 24925
ห้องสมุดวิทยาเขตนครสวรรค์
►ส่วนจัดเก็บหนังสือเก่า นว.
บนชั้น
  ขอยืม
2. วิทยาศาสตร์การแพทย์ และสุขภาพ
วิทยาศาสตร์การแพทย์ และสุขภาพ
สถานะ=หนังสือเก่า
WL355 ร924 ฉ.2 
  Barcode: 24926
ห้องสมุดวิทยาเขตนครสวรรค์
►ส่วนจัดเก็บหนังสือเก่า นว.
บนชั้น
  ขอยืม

รายการใกล้เคียง
    หัวเรื่อง [การป้องกันโรค]
    หัวเรื่อง [การรักษา]
    หัวเรื่อง [โรคหลอดเลือดสมอง]

BibComment


ยังไม่เคยถูกคอมเมนท์

คอมเมนท์ทรัพยากรรายการนี้
  คอมเมนท์: โรคหลอดเลือดสมอง..


 Copyright 2026. Bcnsprnw @Library